ARRUPE JESUIT UNIVERSITY

CORONAVIRUS -STOP THE SPREAD - CLEAN,DISINFECT,COVER

The windows of faith : (Record no. 129076)

MARC details
000 -LEADER
fixed length control field 01108pam a2200277 a 4500
001 - CONTROL NUMBER
control field 4015647
003 - CONTROL NUMBER IDENTIFIER
control field ARRUPE
005 - DATE AND TIME OF LATEST TRANSACTION
control field 20190220113321.0
008 - FIXED-LENGTH DATA ELEMENTS--GENERAL INFORMATION
fixed length control field 970325s1997 mnu 000 0 eng
010 ## - LIBRARY OF CONGRESS CONTROL NUMBER
LC control number 97013970
020 ## - INTERNATIONAL STANDARD BOOK NUMBER
International Standard Book Number 0814624480
040 ## - CATALOGING SOURCE
Original cataloging agency DLC
Transcribing agency DLC
Modifying agency DLC
041 1# - LANGUAGE CODE
Language code of text/sound track or separate title eng
Language code of original and/or intermediate translations of text ger
050 00 - LIBRARY OF CONGRESS CALL NUMBER
Classification number BV5080
Item number .H54 A5 1997
082 00 - DEWEY DECIMAL CLASSIFICATION NUMBER
Classification number 242/.802
Edition number 21
300 ## - PHYSICAL DESCRIPTION
Dimensions 22 cm.
100 0# - MAIN ENTRY--PERSONAL NAME
Personal name Hildegard,
Titles and other words associated with a name Saint,
Dates associated with a name 1098-1179.
9 (RLIN) 12045
240 10 - UNIFORM TITLE
Uniform title <a href="Works.">Works.</a>
Form subheading Selections.
Language of a work English.
Date of a work 1997
245 14 - TITLE STATEMENT
Title The windows of faith :
Remainder of title prayers of Holy Hildegard /
Statement of responsibility, etc Hildegard of Bingen ; edited by Walburga Storch ; translated by Linda M. Maloney ; introduction by Caecilia Bonn.
260 ## - PUBLICATION, DISTRIBUTION, ETC. (IMPRINT)
Place of publication, distribution, etc Collegeville, Minn. :
Name of publisher, distributor, etc Liturgical Press,
Date of publication, distribution, etc c1997.
300 ## - PHYSICAL DESCRIPTION
Extent 103 p. ;
500 ## - GENERAL NOTE
General note Translation of: Gebete der Heilegen Hildegard. Augsburg : Pattloch Verlag, 1991.
650 #0 - SUBJECT ADDED ENTRY--TOPICAL TERM
Topical term or geographic name as entry element Prayers, Medieval.
9 (RLIN) 1402
700 1# - ADDED ENTRY--PERSONAL NAME
Personal name Storch, Walburga.
9 (RLIN) 44818
906 ## - LOCAL DATA ELEMENT F, LDF (RLIN)
a 7
b cbc
c orignew
d 1
e ocip
f 19
g y-gencatlg
942 ## - ADDED ENTRY ELEMENTS (KOHA)
Source of classification or shelving scheme Library of Congress Classification
Koha item type Monograph ( Printed materials)
Holdings
Withdrawn status Lost status Source of classification or shelving scheme Damaged status Not for loan Collection code Home library Current library Shelving location Date acquired Total Checkouts Full call number Barcode Date last seen Price effective from Koha item type
    Library of Congress Classification     Main Collection ARRUPE LIBRARY ARRUPE LIBRARY Main Collection 20/02/2019   BV5080 .H54 A5 1997 46600003921 20/02/2019 20/02/2019 Monograph ( Printed materials)

 

Arrupe Library. PO Box MP320 Mt Pleasant, Harare, Zimbabwe
263 242 745411|librarian@aju.ac.zw